000 00348nam a22001337a 4500
008 180918b xxu||||| |||| 00| 0 eng d
020 _a9780803627437
041 _aeng
080 _23 ed
_a610
100 _a3
101 _aSHM
245 _aConcept Mapping A critical Thinking Approach To Care Planning
_cPamela.M.S
942 _2udc
_cBK
999 _c47943
_d47943